<?xml version="1.0" encoding="UTF-8"?>
<collection xmlns:xsi="http://www.w3.org/2001/XMLSchema-instance" xsi:schemaLocation="http://www.loc.gov/MARC21/slim http://www.loc.gov/standards/marcxml/schema/MARC21slim.xsd" xmlns="http://www.loc.gov/MARC21/slim">
 <record>
  <leader>00000ctm a22000003a 4500</leader>
  <controlfield tag="001">UP-8027390931316197009</controlfield>
  <controlfield tag="003">Buklod</controlfield>
  <controlfield tag="005">20100714114211.0</controlfield>
  <controlfield tag="006">a     r    |||| u|</controlfield>
  <controlfield tag="007">ta</controlfield>
  <controlfield tag="008">100714s        xx     d     r    |||| u|</controlfield>
  <datafield tag="035" ind1=" " ind2=" ">
   <subfield code="a">(iLib)UPMIN-00004691632</subfield>
  </datafield>
  <datafield tag="040" ind1=" " ind2=" ">
   <subfield code="a">DLC</subfield>
   <subfield code="c">DLC</subfield>
   <subfield code="d">upmin</subfield>
  </datafield>
  <datafield tag="041" ind1=" " ind2=" ">
   <subfield code="a">eng</subfield>
  </datafield>
  <datafield tag="090" ind1=" " ind2="0">
   <subfield code="a">LG993.5 2010</subfield>
   <subfield code="b">B4 P65</subfield>
  </datafield>
  <datafield tag="100" ind1="1" ind2=" ">
   <subfield code="a">Pio, Doreen Mariz T.</subfield>
  </datafield>
  <datafield tag="245" ind1="0" ind2="0">
   <subfield code="a">In vitro growth responses of three varieties of rice (Oryza sativa) to eight potential plant growth-promoting rhizobacteria from Metroxylon sagu Rottb.</subfield>
   <subfield code="c">Doreen Mariz T. Pio.</subfield>
  </datafield>
  <datafield tag="264" ind1=" " ind2="1">
   <subfield code="c">2010</subfield>
  </datafield>
  <datafield tag="300" ind1=" " ind2=" ">
   <subfield code="a">53 leaves.</subfield>
  </datafield>
  <datafield tag="502" ind1=" " ind2=" ">
   <subfield code="a">Thesis (BS Biology) -- University of the Philippines Mindanao, 2010</subfield>
  </datafield>
  <datafield tag="520" ind1=" " ind2=" ">
   <subfield code="a">The effect of eight local rhizospheric strains of bacteria, Rh1-MS-CO, Rh2-MS-CO, Rh3-MS-CO, Rh1-MS-MV, Rh2-MS-MV, Rh4-MS-MV, and RH5-MS-MV on the rice varieties Mestizo, Nipponbare, and IR-64 was investigated as well as the effect of Bio-N indole-acetic acid (IAA), and gibberellic acid(GA3). Seeds treatedwith Rh1-MS-MV and Rh2-MS-MV had the highest rate of germination. Seeds treated with 10ppm IAA had the most roots but Rh3-MS-MV had the highest number among the isolates. Rh2-MS-MV treated seeds grew the longest roots . Fort the shoot length, seedstreated with Bio-N had the longest shoots and Rh5-MS-MV among all bacterial treatments. For all four parameters there was a significant difference found between treatments. Only root length showed significant differences in the interaction of treatment and variety. For longest root length, Mestizo inoculated with Rh2-MS-MV had the highest means and shoot length, IR-64 and 10 ppm GA3 and for bacterial treatments, IR-64 and Rh5-MS-Mv. These are the recommended best combinations for longest root and shoot lengths. The isolates may be able to produce phytohormones to promote plant growth through increased germination rates, number of roots and root and shoot lenths, They show potential to be plant growth-promoting rhizobacteria. It is recommended to determine the identity of the isolates via molecular characterization and quantify the amount of phytohormone produced by the isolates.</subfield>
  </datafield>
  <datafield tag="650" ind1="1" ind2="7">
   <subfield code="a">Rice.</subfield>
  </datafield>
  <datafield tag="650" ind1="1" ind2="7">
   <subfield code="a">Nitorgen-fixing bacteria.</subfield>
  </datafield>
  <datafield tag="650" ind1="1" ind2="7">
   <subfield code="a">Rhizosphere.</subfield>
  </datafield>
  <datafield tag="650" ind1="1" ind2="7">
   <subfield code="a">Root growth.</subfield>
  </datafield>
  <datafield tag="650" ind1="1" ind2="7">
   <subfield code="a">Rate of seed germination.</subfield>
  </datafield>
  <datafield tag="650" ind1="1" ind2="7">
   <subfield code="a">Number of roots.</subfield>
  </datafield>
  <datafield tag="650" ind1="1" ind2="7">
   <subfield code="a">Longest rooth length.</subfield>
  </datafield>
  <datafield tag="650" ind1="1" ind2="7">
   <subfield code="a">Shoot length.</subfield>
  </datafield>
  <datafield tag="658" ind1=" " ind2=" ">
   <subfield code="a">Undergraduate Thesis</subfield>
   <subfield code="c">BIO200</subfield>
   <subfield code="2">BSB.</subfield>
  </datafield>
  <datafield tag="905" ind1=" " ind2=" ">
   <subfield code="a">FI</subfield>
  </datafield>
  <datafield tag="905" ind1=" " ind2=" ">
   <subfield code="a">UP</subfield>
  </datafield>
  <datafield tag="852" ind1="0" ind2=" ">
   <subfield code="a">UPMIN</subfield>
   <subfield code="b">UPMIN-MAIN</subfield>
   <subfield code="h">LG993.5 2010</subfield>
   <subfield code="i">B4 P65</subfield>
  </datafield>
  <datafield tag="942" ind1=" " ind2=" ">
   <subfield code="a">Thesis</subfield>
  </datafield>
 </record>
</collection>
